Παράγοντες και κριτήρια βάσει των οποίων οι μαθητές διπλωματική ερασία [μεταπτυχιακή εργασία]
Αποθηκεύτηκε σε:
| Κύριος συγγραφέας: | |
|---|---|
| Συγγραφή απο Οργανισμό/Αρχή: | |
| Άλλοι συγγραφείς: | |
| Μορφή: | Thesis Βιβλίο |
| Γλώσσα: | Greek |
| Δημοσίευση: |
2010
|
| Θέματα: | |
| Διαθέσιμο Online: | http://hdl.handle.net/11610/15732 |
| Ετικέτες: |
Προσθήκη ετικέτας
Δεν υπάρχουν, Καταχωρήστε ετικέτα πρώτοι!
|
MARC
| LEADER | 00000cam a2200000 i 4500 | ||
|---|---|---|---|
| 001 | 1/14586 | ||
| 008 | 110808s2010 gre d | ||
| 035 | |l 10110636 | ||
| 040 | |a GR-MY-UA |b gre |e aacr | ||
| 041 | 0 | |a gre | |
| 082 | 0 | |a 372.357 |2 (22) | |
| 100 | 1 | |a Μανιά, Φαίδρα. | |
| 245 | 1 | 0 | |a Παράγοντες και κριτήρια βάσει των οποίων οι μαθητές/τριες της δευτεροβάθμιας εκπαίδευσης επιλέγουν να συμμετάσχουν σε Προγράμματα Περιβαλλοντικής Εκπαίδευσης : |b διπλωματική ερασία [μεταπτυχιακή εργασία] / |c Μανιά Φαίδρα ; επιβλέπουσα: Σκαναβή Κωνσταντίνα |
| 260 | |c 2010 | ||
| 300 | |a 189 σ.; |b πιν.; |c 30 εκ. | ||
| 500 | |a Μέλη εξεταστικής επιτροπής: Φώκιαλη Πέρσα, Κόνσολας Εμμανουήλ | ||
| 502 | |a Διατριβή (μεταπτυχιακή) – Πανεπιστήμιο Αιγαίου, Ρόδος, 2010. | ||
| 504 | |a Βιβλιογραφία: σ. 164-175 | ||
| 650 | 0 | 0 | |a School children |x Attitudes |x Case studies. |
| 650 | 0 | 0 | |a Environmental education |x Activity programs |x Case studies. |
| 650 | 0 | 0 | |a Education, Secondary |x Activity programs. |
| 650 | 0 | 0 | |a Perception in children. |
| 650 | 0 | 0 | |a Dissertations, Academic |z Greece. |
| 700 | 1 | |a Τσαμπούκου-Σκαναβή, Κωνσταντίνα. |4 ths | |
| 710 | 2 | |a Πανεπιστήμιο Αιγαίου |b Σχολή Ανθρωπιστικών Επιστημών |b Τμήμα Επιστημών της Προσχολικής Αγωγής και του Εκπαιδευτικού Σχεδιασμού |b Πρόγραμμα Μεταπτυχιακών Σπουδών Περιβαλλοντική Εκπαίδευση. | |
| 852 | |a INST |b RHODES |c DIATR |e 20110808 |h 372.357 ΜΑΝ |p 005400033348 |q 005400033348 |t MTXE |y 23 | ||
| 852 | |a INST |b RHODES |c DIATR |e 20110808 |h 372.357 ΜΑΝ |p 005400033488 |q 005400033488 |t MTXE |y 23 | ||
| 856 | |u http://hdl.handle.net/11610/15732 | ||
| 901 | |a BIBL4-2011-2 | ||
| 909 | |a Ρ |b 163888 | ||
| 909 | |a Ρ |b 163889 | ||
| 924 | |a ΜΑΝΙΑ |b ΦΑΙΔΡΑ |y ΡΟΔΟΣ |z 2011-08 | ||
| 970 | |z 2010/05/ | ||